000
00338 a2200157 4500
001
154865
040
_c
Escola São Tomás de Aquino
100
_a
FERRARO, Nicolau Gilberto
240
1
0
_a
Física Básica
_l
por
245
1
0
_a
Física Básica
300
_a
697
362
0
_a
1998
440
1
_a
Atual
697
_a
FÍSICA
942
_c
BK
999
_c
154865
_d
154865